000
00248nam a2200097Ia 4500
001
777753
005
20250826165912.0
008
250824s9999 xx 000 0 und d
245
0
_a
BİR DÜĞÜN GECESİ
_c
ADALET AĞAOĞLU
260
_b
EVEREST YAYINLARI
999
_c
777753
_d
777753